| 000 | 01238nam a22002657a 4500 | ||
|---|---|---|---|
| 005 | 20170124103132.0 | ||
| 010 | _aB-057286 | ||
| 020 |
_c400.00 _a8186116621 |
||
| 035 | _aB-057286 | ||
| 037 | _bCen Lib/Ret | ||
| 040 |
_aDPL _bHN |
||
| 082 |
_a821.08 _bपाण्डेय |
||
| 100 |
_aपाण्डेय, नन्दकिशोर _944529 |
||
| 245 |
_aसंत-साहित्य की समझ / _cनन्दकिशोर पाण्डेय |
||
| 246 |
_aSant-sahitya ki samajh / _bby Nand Kishore Pandey |
||
| 260 |
_aजयपुर _bरचना प्रकाशन _c2001 |
||
| 270 |
_a57, नाटाणी भवन, चाँदपोल बाज़ार _bजयपुर _e302001 |
||
| 300 |
_avi, 305पृ. _c21सेमी (सजिल्द) _b |
||
| 500 | _aसंदर्भ सूची शामिल | ||
| 650 |
_aसाहित्य--संत साहित्य _984352 |
||
| 650 |
_aपारम्परिक सौन्दर्य--संत साहित्य _984353 |
||
| 650 |
_aLiterature--Saint Literature _984354 |
||
| 650 |
_aTraditional Beauty--Saint Literature _984355 |
||
| 942 |
_2ddc _cHN _h821.08 _mपाण्डेय |
||
| 999 |
_c119321 _d119321 |
||